LEADER 01185nam a2200241 i 4500 001 000000228700 003 CaOOAMICUS 005 20140409000000.0 008 140409s1913 it u000 u ger u 013 $a207602 040 $aSeMil$bita 245 10$aCodex Rehdigeranus :$bdie vier Evangelien nach der lateinischen Handschrift R 169 der Stadtbibliothek Breslau /$cherausgegeben von Heinrich Joseph Vogels. 260 $aRomae [etc.] :$bFridericus Pustet,$c1913. 300 $aXLVI, 300, [3] c. di tav. ;$c25 cm. 490 0 $aCollectanea biblica latina ;$v2. 500 $aIn mezzo al front : Mit drei tafeln. 650 4$aCodex Rehdigeranus.$0(OLS)http://semarc/subject/41257 700 1 $aVogels, Heinrich Joseph.$0(OLS)http://semarc/name/2975 830 0$aCollectanea biblica latina ;$v2.$0(OLS)http://semarc/title/40354 850 $aSeMil 852 $aSeMil$W1$xVenegono$y1$m2Y V 141$j179046$B179046$CSeMilBibl$Z2$F190122 $81 996 $6245$aCodex Rehdigeranus :$bdie vier Evangelien nach der lateinischen Handschrift R 169 der Stadtbibliothek Breslau$9(OLS)http://semarc/title/327334 996 $6260$aRomae [etc.] :$bFridericus Pustet$9(OLS)http://semarc/publisher/29962 LEADER 01000nam a2200229 i 4500 001 000000055936 003 CaOOAMICUS 005 20070410000000.0 008 070410s1967 it u000 u ita u 013 $a27108 040 $aSeMil$bita 100 1 $aMarcazzan, Mario.$0(OLS)http://semarc/name/983 245 10$aPoesia e letteratura italiana del Novecento /$c[lezioni di Mario Marcazzan , negli appunti della Signorina C. Oriani]. 260 $aMilano :$bLa goliardica,$c1967. 300 $a105 p. ;$c24 cm. 650 4$aLetteratura italiana - Storia - Sec. 20.$0(OLS)http://semarc/subject/996 650 4$aPoesia italiana - Storia - Sec. 20.$0(OLS)http://semarc/subject/5870 850 $aSeMil 852 $aSeMil$W1$xVenegono$y1$m1B VI 38$j22090$B22090$CSeMilBibl$Z2$F22092 $81 961 $aOmaggio: Poma mons. Gianfranco 996 $6245$aPoesia e letteratura italiana del Novecento$9(OLS)http://semarc/title/86857 996 $6260$aMilano :$bLa goliardica$9(OLS)http://semarc/publisher/41779